01686nam a2200337 4500003000900000005001700009008004100026040004600067041000800113082002800121092000700149099003600156100005500192245012700247264012000374300002900494336002200523337002400545338003300569504006100602546010200663650009900765650001900864651001000883856005700893905001600950942001900966999001700985952017301002952017301175EG-GICUC20260121101452.0251211m14061985su ||||fr|||| 00| 0 ara d a EG-GICUCbarac EG-GICUCd EG-GICUCerda aara04221a343.644bع ا . ب04221 aLaw1 10 343.644 ع ا . ب 19850 aعاطف عبد الفتاح عجوهeمؤلف.12aالبطالة فى العالم العربى و علاقتها بالجريمة /cعاطف عبد الفتاح عجوه. 1aالرياض :bالمركز العربى للدراسات الامنية و التدريب بالرياض،c1985. a242 ؛ صفحةc24 سم 2rda contentatext 2rda mediaaComputer 2rda carrieraOnline Resource aيحتوي على ارجاعات ببليوجرافية  aالنص أغلبه باللغة العربية مع بعض النصوص الإنجليزية14aالبيئة الإقتصادية والجريمةxالقانون الجنائى2qrmak14aالبطالة1 2qrmak40uhttps://fll.law.cu.edu.eg/fulltext/bks/B10-07139.pdf a75eHassnaa 2ddcn0cBKe21 c49844d49844 00102ddc40708القانون الجنائيaCUbLAW1d2025-12-11l0oLaw1 10 343.644 ع ا . ب 1985 1007139 C2pB10-07139r2025-12-11 17:04:00t2w2025-12-11yBK 00102ddc40718القانون الجنائيaCUbLAW1d2025-12-11l0oLaw1 10 343.644 ع ا . ب 1985 1007138 C1pB10-07138r2025-12-11 17:04:00t1w2025-12-11yBK